Economics for managers:Education, career family and personal (Record no. 2613)
[ view plain ]
| 000 -LEADER | |
|---|---|
| fixed length control field | 01350nam a22001697a 4500 |
| 020 ## - INTERNATIONAL STANDARD BOOK NUMBER | |
| ISBN | 9780558037499 |
| 020 ## - INTERNATIONAL STANDARD BOOK NUMBER | |
| ISBN | 0558037496 |
| 050 ## - CALL NUMBER | |
| Classification number | HF171.5 |
| Item number | .F23 |
| 100 ## - AUTHOR | |
| Personal name | Paul G Farnham |
| 245 ## - TITLE | |
| Title | Economics for managers:Education, career family and personal |
| Statement of responsibility, etc | Paul G Farnham |
| 260 ## - PUBLICATION INFORMATION | |
| Place of publication | Boston : |
| Name of publisher | Pearson |
| 300 ## - DESCRIPTION | |
| Number of Pages | xxvii,558p. |
| Other physical details | ill. |
| Dimensions | 26cm. |
| 500 ## - NOTES | |
| General note | Includes index.<br/> |
| 505 ## - FORMATTED CONTENTS NOTE | |
| Table of Content | Microeconomic analysis --<br/>Managers and economics --<br/>Demand, supply, and equilibrium prices --<br/>Demand elasticities --<br/>Techniques for understanding consumer demand and behavior --<br/>Production and cost analysis in the short run --<br/>Production and cost analysis in the long run --<br/>Market structure : perfect competition --<br/>Market structure : monopoly and monopolistic competition --<br/>Market structure : oligopoly --<br/>Pricing strategies for the firm --<br/>Macroeconomic analysis --<br/>Measuring macroeconomic activity --<br/>Spending by individuals, firms, and governments on real goods and services --<br/>The role of money in the macro economy --<br/>The aggregate model of the macro economy --<br/>International and balance of payments issues in the macro economy --<br/>Integration of the frameworks --<br/>Combining micro and macro analysis for managerial decision making --<br/>Solutions to even-numbered problems -- |
| 650 ## - SUBJECTS | |
| Topical Term | Economics. |
| General subdivision | Management. |
| 942 ## - ADDED ENTRY ELEMENTS (KOHA) | |
| Koha item type | Books |
| Withdrawn status | Lost status | Home library | Current library | Shelving location | Date acquired | Full call number | Accession Number | Copy number | Koha item type |
|---|---|---|---|---|---|---|---|---|---|
| Methodist University Library Main | Methodist University Library Main | General Stacks | HF171.5 .F23 | 3419 | 1 | Books |